Индустриалните предприятия в Русе 1878 - 1947 (Запис номер 11963)
[ съкратено ]
| 000 -Лидер | |
|---|---|
| Контролно поле с фиксирана дължина | 01682nam a2200469 c 4500 |
| 003 - Код на организацията, давaща контролен номер | |
| Контролно поле | BLK |
| 005 - Дата и час на последна редакция | |
| Контролно поле | 20250207102821.0 |
| 008 - Елементи от данни с фиксирана дължина | |
| fixed length control field | 180412b bul|||||r ||||||| ||bul|| |
| 010 ## - Наследен системен номер | |
| LC control number | KNG00013545000 |
| 040 ## - Източник на каталожния запис | |
| Идентификатор на билиотеката - собственик на записа | BLK |
| 041 ## - Код за език | |
| Код за езика на текст/звукозапис или на отделно заглавие | Български |
| Код за езика КДБФ | Български |
| 072 #7 - Код за тематичната категория | |
| Код организация | bullib |
| Код за тематична категория | Я |
| Текст | Автографи |
| 072 #7 - Код за тематичната категория | |
| Код организация | bullib |
| Код за тематична категория | К |
| Текст | Краезнание |
| 080 ## - УДК | |
| Текстов определител УДК | Стопански обединения. Промишлени организационни форми |
| УДК код - определител по УДК | 334.7 |
| УДК определител | (497.215)(091) |
| УДК - код + определител | 334.7(497.215)(091) |
| 100 ## - Редна дума - Автор | |
| Автор | Велинова, Роза Стоянова |
| Дати, свързани с автора | 1946- |
| Автор - информация (биография) | Историк. Русе |
| R(LIN) | 365656 |
| 139 ## - Редно поле | |
| Редна дума | Велинова, Роза и др. |
| Авторски знак | Велин - В 40 |
| 245 10 - Сведения за заглавието | |
| Заглавие | Индустриалните предприятия в Русе 1878 - 1947 |
| Редно поле (дума) | Роза Велинова; съавт. Маргарита Трифонова. |
| 260 ## - Област на издателските данни | |
| Име на издателя, разпространителя и проч. | Утро прес |
| Година на издаване | 1995 |
| 300 ## - Физическа характеристика | |
| Страници | 180 с. |
| Илюстрации и др. | с ил. |
| Размери/Мащаб | 20 см |
| 380 ## - Жанр | |
| Жанр | Обществени науки |
| 490 1# - СЕРИИ (Колекции) | |
| Име на серия | Ретро бизнес |
| 500 ## - Общи забележки | |
| Забележка | 300 тир. |
| 650 #4 - Допълнително описание по предмет – тема | |
| Основно описание – тема или топоним | Промишлени предприятия - Русе - история |
| 9 (RLIN) | 257090 |
| 651 #4 - Допълнително описание по предмет - топоним | |
| Географско понятие | Русе |
| 9 (RLIN) | 179462 |
| 651 #4 - Допълнително описание по предмет - топоним | |
| Географско понятие | България |
| 9 (RLIN) | 241624 |
| 653 ## - Ключова дума – ненормативна | |
| Ключова дума | предприятия |
| 653 ## - Ключова дума – ненормативна | |
| Ключова дума | Русе |
| 659 ## - Тематичен бюлетин | |
| Тематичен бюлетин | К |
| 659 ## - Тематичен бюлетин | |
| Тематичен бюлетин | Я |
| 700 ## - Други автори (авторска отговорност) | |
| Лично име | Трифонова, Маргарита |
| 9 (RLIN) | 257089 |
| 852 ## - Местоположение | |
| Форматна сигнатура | Цб 191391 |
| 852 ## - Местоположение | |
| Форматна сигнатура | К 334/В 40 Р |
| 852 ## - Местоположение | |
| Форматна сигнатура | К 334/В 40 |
| 856 4# - Електронен адрес и достъп | |
| Електронен формат | pdf - файл |
| Път до файла /url/ | |
| 856 4# - Електронен адрес и достъп | |
| Електронен формат | pdf - файл |
| Път до файла /url/ | |
| 999 ## - СИСТЕМНИ КОНТРОЛНИ НОМЕРА | |
| Koha biblionumber | 11963 |
| Koha biblioitemnumber | 11963 |
| 942 ## - АРТИКУЛИ | |
| Вид на библиотечния материал | Книги |
| Скрит в OPAC | Не |
| Koha issues (borrowed), all copies | 7 |
| Периодичен библиозапис | Да |
| 944 ## - СЪЗДАВАНЕ И РЕДАКЦИЯ на ЗАПИСА | |
| Създаване/Редакция | Създаване |
| Дата на регистрацията/редакция | 15.01.2003 |
| Служител, извършил регистрацията/редакцията | 30563 |
| Статус, дата на статуса | Ивелин Русев |
| 944 ## - СЪЗДАВАНЕ И РЕДАКЦИЯ на ЗАПИСА | |
| Създаване/Редакция | Редакция |
| Дата на регистрацията/редакция | 10.09.2015 |
| Служител, извършил регистрацията/редакцията | Валя_Йорданова |
| 999 ## - СИСТЕМНИ КОНТРОЛНИ НОМЕРА | |
| Koha biblioitemnumber | 11963 |
| 999 ## - СИСТЕМНИ КОНТРОЛНИ НОМЕРА | |
| Koha biblioitemnumber | 11963 |
| 999 ## - СИСТЕМНИ КОНТРОЛНИ НОМЕРА | |
| Koha biblioitemnumber | 11963 |
| Код за отписване | Код за изгубен артикул | Източник на класификационната схема | Код за повреда | Коз за рестрикции | Код за отдаване | Артикулен № | Име на библиотеката - собственик | Име на библиотеката, в която се намира в момента | Статус (Текущо местоположение) | Дата на вписване в системата | Местоположение - отдел | Цена в лева | Инвентарен номер | Систематично азбучна сигнатура | Баркод | Номер на екземпляра | Цена в евро | Служебна бележка | Служебен тип на артикула | Номерация (Хронология) |
|---|---|---|---|---|---|---|---|---|---|---|---|---|---|---|---|---|---|---|---|---|
| Не е изгубен | Universal Decimal Classification | Не е повреден | без рестрикции | ползва се в читалня | 20736 | Регионална библиотека "Любен Каравелов" Русе | Регионална библиотека "Любен Каравелов" Русе | Хранилище | 1995-01-01 | Хранилище | 0.00 | 639535 | Цб 191391 | 120000639535 | 1 | 0.00 | N: Сф Дата: 01.01.1995 | Книги | ||
| Не е изгубен | Universal Decimal Classification | Не е повреден | без рестрикции | ползва се в читалня | 20737 | Регионална библиотека "Любен Каравелов" Русе | Регионална библиотека "Любен Каравелов" Русе | Краезнание | 1995-01-01 | Краезнание | 0.00 | 625664 | К 334/В 40 Р | 120000625664 | 2 | 0.00 | N: Сф Дата: 01.01.1995 Дата инв: 09.11.2017 Бележки инв: К2017 | Книги | Автограф: Роза Велинова | |
| Не е изгубен | Universal Decimal Classification | Не е повреден | ползва се в читалня | 690896 | Регионална библиотека "Любен Каравелов" Русе | Регионална библиотека "Любен Каравелов" Русе | Краезнание | 2019-02-26 | Краезнание | 11.20 | К 334/В 40 | 120000830358 | 5.73 | Книги | ||||||
| Не е изгубен | Universal Decimal Classification | Не е повреден | без рестрикции | ползва се в читалня | 730252 | Регионална библиотека "Любен Каравелов" Русе | Регионална библиотека "Любен Каравелов" Русе | Читалня | 2019-07-15 | Читалня | 8.00 | Ч 334/В 40 | 120000834021 | 4.09 | Книги |